00797nam a22002537a 4500003000400000005001700004008004100021010002300062020002300085035001300108035001300121037001600134040001700150082001500167100002300182245009300205260004600298270004800344300003000392500005100422650002200473650002900495700001900524dpl20190928180135.0190928b ||||| |||| 00| 0 eng d aB-106166, B-106169 a8120323823c395.00 aB-106166 aB-106169 bCen Lib/Ret aDPLbENcdpl a006.3bRUS aRussell, Stuart J. aArtificial intelligence :cby Stuart J. Russell [and] Peter Norvig ba modern approach / aNew Delhi bPrentice Hall of India c2003 aM-97, connaught circus bNew Delhi e110001 axxviii, 1080p.c24cm(pbk) aIncludes bibliographical references and index  aComputer science  aArtificial intelligence  aNorvig, Peter